000 01714cam a2200157 4500500
005 20260208010237.0
041 _afre
042 _adc
100 1 0 _aBecquemont, Daniel
_eauthor
245 0 0 _aDarwinisme social et eugénisme anglo-saxons
260 _c2005.
500 _a68
520 _aThis paper focuses on the “sociology of struggle” between groups, sometimes called social Darwinism, in the Anglo-Saxon world, and the development of eugenic thought and measures.Eugenics developed in the last quarter of the 20th century as a reaction against what was called the “survival of the unfit” in modern urban life conditions. Its founder, Francis Galton, considered eugenics as a religious ideal, a science, and a practical technique, which aimed at increasing the number of the “well born” and limiting the number of the unfit. In The Passing of the Great Race (1916), Madison Grant extended the idea of “unfit” to entire races.The feeling of racial superiority of the advocators of the “Nordic race” became so strong at the turn of the century in the United States that measures of sterilization of the “unfit” were taken in thirty states. Between 1910 and 1940, some 30.000 or 40.000 people were sterilized, many of them in California. Many American supporters of eugenics welcomed the first measures taken by the Nazi government in the early 30s. Though overtly racist, and very often anti-Semitic, they never advocated the sterilization of entire groups or “races”.
786 0 _nRevue d’Histoire de la Shoah | 183 | 2 | 2005-10-19 | p. 143-158 | 2111-885X
856 4 1 _uhttps://shs.cairn.info/revue-d-histoire-de-la-shoah-2005-2-page-143?lang=fr&redirect-ssocas=7080
999 _c1655715
_d1655715